000 00732cab a2200253 4500
001 WB3039-69
008 090401t1994 xxu||||| |||| 00| 0 eng d
035 _a(Sirsi) u71441
041 _aeng
245 _aIntegrated European transport
260 _c1994
350 _a0
490 _aEuropean
_v21 October 1994, 25(2)
520 _aDiscusses the construction programme to integrate national transport infrastructures to create trans-European networks. Map.
650 _aEUROPE
650 _aEUROPEAN UNION
650 _aInfrastructure
_96246
650 _aINTEGRATED TRANSPORT SYSTEM
650 _aMOTORWAYS
650 _aRAILWAYS
690 _aTRANSPORT AND COMMUNICATIONS
942 _n0
948 _c04/03/1997
999 _c45035
_d45035